| 000 | 00678 a2200229 4500 | ||
|---|---|---|---|
| 003 | dpl | ||
| 005 | 20240726144129.0 | ||
| 008 | 240726b |||||||| |||| 00| 0 eng d | ||
| 010 | _aENG-141020 | ||
| 020 |
_a9789354791116 _c795.00 |
||
| 035 | _aEN-124552 | ||
| 037 | _bDBAD | ||
| 040 | _c0 | ||
| 082 | 1 | 4 |
_a150 _21 |
| 100 | 1 |
_968964 _aPandit, Shilpa |
|
| 245 | 1 |
_aAn Introduction to Psychology/ _cBy Shilpa Pandit, |
|
| 250 | _a1 | ||
| 260 |
_aNew Delhi _bSage Publications _c2021 |
||
| 270 |
_aB1/11, Mohan Cooperative Industrial Area, Mathura Road _bNew Delhi _e110 044 |
||
| 300 |
_axxvi,470p. _c23cm(pb) _bIndex |
||
| 942 |
_adpl _cEN _2ddc _h150 _mPAN |
||
| 999 |
_c204530 _d204530 |
||